000 00368nam a2200133Ia 4500
008 230411s9999 xx 000 0 und d
041 _aeng
082 _aAD/610.69/GUP/B07007
100 _aGupta R K
_9116369
245 _aPV Handbook of Professional Trends and Adjustment
260 _bS Vikas and Co
_aJalandhar
_c2011
300 _a120p
999 _c157211
_d157211